00655pam a2200217 a 45000010008000000030004000080050017000120080041000290100017000700200015000870200018001020400019001200820019001391000025001582450050001832500012002332600053002453000048002985040053003466500038003991595975OSt20191231094327.0940318s1995 njuab b 001 0 eng  a 94011014  a0024053813 a9780024053817 aDLCcoclcdDLC00a337220bSAL/I aSalvatore, Dominick 10aInternational Economics /cDominick Salvatore a5th ed. aEnglewood Cliffs, N.J. :bPrentice Hall,cc1995. a778 pbill. (some col.), col. map ;c25 cm. aIncludes bibliographical references and indexes. 0aInternational economic relations.